000 00689nam a2200241Ia 4500
005 20260121112655.0
008 7887 260114s9999 xx 000 0 eng d
020 _a9789812773616
037 _aEBOOK
040 _aCRL
_beng
_cCRL
041 _aeng
_2eng
084 _qCRL
100 _aMonaco Roberto Et Al
_9961397
245 0 _aWaves and Stability in Continuous Media - Proceedings of the 13Th Conference on Wascom 2005
260 _bWorld Scientific
260 _bWSPC
260 _c2006
650 _aMathematics
_9961398
856 _uhttps://www.worldscientific.com/worldscibooks/10.1142/6105#t=toc
942 _cEBOOK
999 _c1545187
_d1545187